| 000 | 01274cam a22003015i 4500 | ||
|---|---|---|---|
| 001 | 18258571 | ||
| 003 | OSt | ||
| 005 | 20161204115827.0 | ||
| 008 | 140807s2016 cau b 001 0 eng | ||
| 010 | _a 2014947990 | ||
| 020 | _a9781305116399 | ||
| 020 | _a9781305116412 | ||
| 040 |
_aDLC _beng _erda _cDLC _dDLC |
||
| 042 | _apcc | ||
| 050 | 0 | 0 |
_aQC21.3 _b.S467 2016 |
| 082 |
_222 _a530.7 _bSRP |
||
| 100 | 1 |
_aSerway, Raymond A., _eauthor. _95306 |
|
| 245 | 1 | 0 |
_aPhysics for scientists and engineers : _btechnology update. |
| 250 |
_aNinth Edition / _bRaymond A. Serway, Emeritus, James Madison University; John W. Jewett, Jr., Emeritus, California State Polytechnic University, Pomona ; with contributions from Vahé Peroomian, University of California at Los Angeles. |
||
| 300 |
_a2 volumes (xxxii, 1484, 40, 25 pages) : _bcolor illustrations ; _c29 cm |
||
| 504 | _aIncludes bibliographical references and indexes. | ||
| 650 | 0 |
_aPhysics _vTextbooks. _956962 |
|
| 700 | 1 |
_aJewett, John W., _eauthor. _95307 |
|
| 700 | 1 |
_aPeroomian, Vahé, _eauthor. _956963 |
|
| 906 |
_a7 _bcbc _corignew _d2 _eepcn _f20 _gy-gencatlg |
||
| 942 |
_2ddc _cBOOK |
||
| 999 |
_c39898 _d274398 |
||